| 000 | 00937nam a2200217Ia 4500 | ||
|---|---|---|---|
| 003 | Ost | ||
| 005 | 20260507075113.0 | ||
| 008 | 260507s9999||||xx |||||||||||||| ||und|| | ||
| 040 | _cfsecg | ||
| 041 | _aara | ||
| 082 | _a500 | ||
| 100 |
_aكتكت، محمود محمد _eمؤلف |
||
| 245 | 0 |
_aمبادئ التحليل الحقيقي / _c محمود محمد كتكت |
|
| 260 |
_aعمان: _bجهينة للنشر, _c2001 |
||
| 300 |
_a440 صفحة؛ _bإيضاحات ؛ _c24 سم |
||
| 504 | _aببليوغرافيا:ص.191 كشاف المصطلحات:ص.433-440 | ||
| 520 | _aالأعداد الحقيقية،متتاليات ومتسلسلات الأعداد الحقيقية،النهاية والاتصال والاشتقاق للإقترانات،متتاليات ومتسلسلات الاقترانات،التكامل | ||
| 653 | _aالتحليل الرياضي | ||
| 653 | _aالرياضيات | ||
| 942 | _cكتاب | ||
| 999 |
_c42940 _d42940 |
||